Ends in 'EAU' Quiz Stats

 Plays Quiz Updated Jan 11, 2019

Support Sporcle.
Go Orange.
Score 0/20 Timer 05:00
0 Plays Today
Hint Word or phrase % Correct
Term for boyfriendbeau
91.1%
Capital of AlaskaJuneau
82.6%
To level off or in geology a high plainplateau
78.9%
Famous underwater adventurerJacques Cousteau
66.9%
French country houseChâteau
62.1%
'Walden' writerHenry David Thoreau
58.9%
Word that may come after 'art' or before 'riche'nouveau
56.2%
Green Bay Packers legend, for whom the team's stadium is namedCurly Lambeau
45.4%
Character played by Peter Sellers and Steve MartinInspector Clouseau
43%
Cartoonist who created 'Doonesbury' (distantly related to two Canadian PMs)Garry Trudeau
34.7%
Hint Word or phrase % Correct
18th century enlightenment thinker Jean-Jacques Rousseau
30.5%
Mime who performed as Bip the clownMarcel Marceau
27%
Minnesota Twins player who won the 2006 American League MVPJustin Morneau
26%
Top-shelf triple secCointreau
25.3%
Word that combines two other words, like 'smog'portmanteau
21.2%
'Swingers' actor, or Obama's speechwriterJon Favreau
21.2%
Artistic arrangementtableau
19.7%
H.G. Wells novel turned into a Marlon Brando movieThe Island of Dr. Moreau
15.6%
Actress who starred in 'Grease' on Broadway and 'Maude' on TVAdrienne Barbeau
9.7%
President James Garfield's assassinCharles Guiteau
5.7%

From the Vault

Words and Colors Blitz

by El_Dandy

This quiz really blue us away.
Remove Ads.
Support Sporcle.
Get the best of Sporcle when you Go Orange. This ad-free experience offers more features, more stats, and more fun while also helping to support Sporcle. Thank you for becoming a member.

Show Comments

Extras

Top Quizzes Today


Score Distribution

Your Account Isn't Verified!

In order to create a playlist on Sporcle, you need to verify the email address you used during registration. Go to your Sporcle Settings to finish the process.

Report this User

Report this user for behavior that violates our Community Guidelines.

Details: